| 000 | 00752na a2200229 4500 | ||
|---|---|---|---|
| 001 | 24016 | ||
| 003 | MIRAKIL | ||
| 005 | 20181213155326.0 | ||
| 008 | 180219b tu 000 0 | ||
| 020 | _a9786058743168 | ||
| 040 |
_aMilas _btur _cTR-AnCHP |
||
| 041 | _atur | ||
| 082 |
_a379.562294 _bT62 2013 |
||
| 090 | _a379.562294 T62 2013 | ||
| 245 |
_aTrakya'daki ışık kepirtepe köy enstitüsü _cyayına hazırlayan Kemal Kocabaş |
||
| 260 |
_aİzmir _bYeni Kuşak Köy Enstitülüler Derneği Yayınları _c2013 _fBassaray Matbaası |
||
| 300 |
_a416 s. _bfotğ. _c24 sm. |
||
| 650 |
_aKöy enstitüleri _xTürkiye |
||
| 651 |
_aKepirtepe/ Lüleburgaz _xköy enstitüsü _xTarih |
||
| 700 |
_aKocabaş, Kemal _eyay. haz. |
||
| 942 |
_2dcc _cBKS |
||
| 999 |
_c10583 _d10583 |
||